| 000 | 00803nam a2200217Ii 4500 | ||
|---|---|---|---|
| 003 | JO-AjNU | ||
| 008 | 230605s9999||||xx |||||||||||||| ||und|| | ||
| 017 | _a2006/3/670 | ||
| 040 |
_aJO-AjNU _bara _erda _cJO-AjNU |
||
| 041 | _aara | ||
| 050 | 1 | 4 | _aPJ7745.J3.R74 2007 |
| 100 | 3 |
_aالربابعة،حسن محمد , _eauthor _923969 |
|
| 245 | 0 | 0 | _aالسيمياء والتجريب عند الجاحظ: دراسة في النظرية والتطبيق |
| 250 | _aط1 | ||
| 264 | 3 | 1 | _aالكرك:مؤسسة رام للتكنولوجيا والكمبيوتر:2007 |
| 300 | _a124ص | ||
| 336 |
_atext _btxt _2rdacontent |
||
| 337 |
_aunmediated _bn _2rdamedia |
||
| 338 |
_avolume _bnc _2rdacarrier |
||
| 650 | 4 |
_a أدب عباسي - تاريخ ونقد - علم الدلالة - الجاحظ _923970 |
|
| 999 |
_aA8754 _c12322 _d12322 |
||